[Event "Udine Oro Caffe op 3rd"]
[Site "Udine"]
[Date "2010.07.11"]
[Round "7"]
[White "Del Cont Bernard, Emanuela"]
[Black "Zavagno, Matteo"]
[Result "0-1"]
[WhiteElo "1302"]
[BlackElo "1524"]
[PlyCount "92"]
[EventDate "2010.07.05"]
[EventType "swiss"]
[EventRounds "7"]
[EventCountry "ITA"]
[SourceTitle "EXT 2024"]
[Source "ChessBase"]
[SourceDate "2023.10.10"]
[SourceVersion "1"]
[SourceVersionDate "2023.10.10"]
[SourceQuality "1"]

1. d4 Nf6 2. Nf3 e6 3. c4 c5 4. e3 Nc6 5. Nc3 cxd4 6. Nxd4 Qb6 7. Nxc6 bxc6 8. a3 d5 9. cxd5 cxd5 10. Be2 Bd7 11. b4 Bd6 12. Bd2 0-0 13. 0-0 Qc7 14. h3 e5 15. Rc1 Qb7 16. Nb1 Rac8 17. Qb3 Ne4 18. Rfe1 Rc7 19. Qb2 Rfc8 20. Rxc7 Rxc7 21. Rc1 Nxd2 22. Nxd2 a5 23. Rb1 axb4 24. axb4 Bf5 25. Rc1 Qxb4 26. Qxb4 Bxb4 27. Nf1 Be6 28. Rb1 Bc3 29. Rb8+ Rc8 30. Rxc8+ Bxc8 31. Nh2 d4 32. exd4 exd4 33. Bd3 Bb7 34. f3 h5 35. Kf2 g5 36. g4 h4 37. Ke2 Kg7 38. Be4 Ba6+ 39. Bd3 Bxd3+ 40. Kxd3 Kf6 41. Ke4 Ke6 42. Nf1 f6 43. f4 Kd6 44. fxg5 fxg5 45. Kf5 d3 46. Ne3 Bd4 0-1

[Event "Udine Oro Caffe op 3rd"]
[Site "Udine"]
[Date "2010.07.08"]
[Round "4"]
[White "Zavagno, Matteo"]
[Black "Del Forno Sinicco, Michele"]
[Result "0-1"]
[WhiteElo "1524"]
[BlackElo "1802"]
[PlyCount "76"]
[EventDate "2010.07.05"]
[EventType "swiss"]
[EventRounds "7"]
[EventCountry "ITA"]
[SourceTitle "EXT 2024"]
[Source "ChessBase"]
[SourceDate "2023.10.10"]
[SourceVersion "1"]
[SourceVersionDate "2023.10.10"]
[SourceQuality "1"]

1. e4 e5 2. Nf3 Nc6 3. Bb5 Nf6 4. 0-0 Bc5 5. Nxe5 Nxe5 6. d4 Qe7 7. dxc5 Qxc5 8. Bd3 0-0 9. Be3 Qb4 10. Bd2 Qd6 11. Bc3 Re8 12. f4 Nxd3 13. cxd3 Qb6+ 14. Kh1 d5 15. e5 Ng4 16. Qd2 d4 17. Bb4 c5 18. Ba3 Qc6 19. Rf3 b6 20. h3 Ne3 21. Rxe3 dxe3 22. Qxe3 Bb7 23. Qe4 Rad8 24. Nc3 Rxd3 25. Qxc6 Bxc6 26. Rd1 Rxd1+ 27. Nxd1 Rd8 28. Ne3 Rd2 29. Kg1 Re2 30. Nf5 Kf8 31. g3 g6 32. Nd6 Rg2+ 33. Kf1 Rxg3 34. Nc8 Rxh3 35. Nxa7 Bd7 36. Kg2 Rd3 37. Kf2 Rd4 38. Ke3 Ra4 0-1

[Event "Udine Oro Caffe op 2nd"]
[Site "Udine"]
[Date "2009.07.09"]
[Round "4"]
[White "Zavagno, Matteo"]
[Black "Clarini, Ivo"]
[Result "0-1"]
[WhiteElo "1443"]
[BlackElo "1829"]
[PlyCount "43"]
[EventDate "2009.07.06"]
[EventType "swiss"]
[EventRounds "7"]
[EventCountry "ITA"]
[SourceTitle "EXT 2011"]
[Source "ChessBase"]
[SourceDate "2010.11.26"]
[SourceVersion "1"]
[SourceVersionDate "2010.11.26"]
[SourceQuality "1"]

1. e4 e6 2. d4 d5 3. Nc3 Nf6 4. e5 Nfd7 5. Be3 c5 6. f4 Nc6 7. Nf3 cxd4 8. Bxd4 Nxd4 9. Nxd4 Bc5 10. Qd3 Nxe5 11. Qb5+ Nd7 12. Nb3 Be3 13. g3 0-0 14. Bd3 Nf6 15. Ke2 a6 16. Qb4 d4 17. Nd1 Qd5 18. Nxe3 dxe3 19. Rhg1 e5 20. Bc4 Bg4+ 21. Kf1 Qf3+ 22. Ke1 0-1